The microguide to process and decision modeling in BPMN-DMN
Saved in:
| Main Authors: | , |
|---|---|
| Format: | Bog |
| Sprog: | engelsk |
| Udgivet: |
Lexington
Advanced Component Research Inc
2014
|
| Udgivelse: | 1a. ed |
| Fag: | |
| Tags: |
Tilføj Tag
Ingen Tags, Vær først til at tagge denne postø!
|
MARC
| LEADER | 00000cam a2200000 a 4500 | ||
|---|---|---|---|
| 001 | UCE5542 | ||
| 003 | CL-VaPUC | ||
| 008 | 150123e20140000us |||||||||||||||||eng|d | ||
| 020 | |a 9781502789648 | ||
| 082 | 0 | 4 | |a 658.8 |b DEB |2 21 |
| 100 | 0 | |a Debevoise, Tom |e author |9 578212 | |
| 700 | 0 | |a Taylor, James |e author |9 578213 | |
| 245 | 1 | 4 | |a The microguide to process and decision modeling in BPMN-DMN |
| 250 | |a 1a. ed | ||
| 300 | |a 228 p | ||
| 942 | |c BK | ||
| 945 | |d 20150123 15:06:00 |a dcastane | ||
| 260 | |a Lexington |b Advanced Component Research Inc |c 2014 | ||
| 650 | 0 | |a Producción |x Planificación |9 260672 | |
| 650 | 0 | |a Gestión de la producción |9 259467 | |
| 650 | 0 | |a Toma de decisiones |9 257530 | |
| 650 | 0 | |a Business process modeling notation(BPMN) |9 543872 | |
| 583 | |a last modification |c 20150326 12:24:54 |k Rodrigo Vera | ||
| 999 | |c 358232 |d 358230 | ||
| 952 | |0 0 |1 0 |2 ddc |3 erb |4 0 |6 658_800000000000000_DEB_2014 |7 0 |8 A |9 466835 |a BIBING |b BIBING |c RES |i 5136113 |o 658.8 DEB 2014 |p 5136113 |r 2025-01-20 |w 2019-11-23 |y BK |z Catalogado en:20150123 |k EII | ||